Propuesta/ (Record no. 4184)
[ view plain ]
| 000 -LEADER | |
|---|---|
| campo de control de longitud fija | 01258nam a22002297a 4500 |
| 003 - IDENTIFICADOR DE NÚMERO DE CONTROL | |
| campo de control | OSt |
| 005 - FECHA Y HORA DE LA ÚLTIMA TRANSACCIÓN | |
| campo de control | 20230823111004.0 |
| 008 - DATOS DE LONGITUD FIJA--INFORMACIÓN GENERAL | |
| campo de control de longitud fija | 221006b |||||||| |||| 00| 0 eng d |
| 040 ## - FUENTE DE CATALOGACIÓN | |
| Centro/agencia transcriptor | Biblioteca Lado V |
| 082 ## - NÚMERO DE LA CLASIFICACIÓN DECIMAL DEWEY | |
| Número de clasificación | 792 |
| Número de ítem | S349p |
| 100 ## - ENTRADA PRINCIPAL--NOMBRE DE PERSONA | |
| 9 (RLIN) | 959 |
| Nombre de persona | Schmidt, Carlos |
| 245 ## - MENCIÓN DEL TÍTULO | |
| Título | Propuesta/ |
| Resto del título | Revista de Memoria Escénica/ |
| 260 ## - PUBLICACIÓN, DISTRIBUCIÓN, ETC. | |
| Fecha de publicación, distribución, etc. | 2013 |
| Nombre del editor, distribuidor, etc. | Centro de Documentación y Archivo en Artes Escénicas |
| Lugar de publicación, distribución, etc. | Costa Rica |
| 300 ## - DESCRIPCIÓN FÍSICA | |
| Dimensiones | 21.5x28cm |
| Extensión | 49p. |
| 490 ## - MENCIÓN DE SERIE | |
| Mención de serie | 2 |
| Designación de volumen o secuencia | 1 |
| Número Internacional Normalizado para Publicaciones Seriadas | 2215-3209 |
| 505 ## - NOTA DE CONTENIDO CON FORMATO | |
| Nota de contenido con formato | MOVIMIENTOS IMPORTANTES DE ESTE A OESTE<br/><br/>MANUALES DE (IN)SEGURIDAD<br/><br/>ÚLTIMOS REMORDIMIENTOS<br/><br/>EL NIDO DE PALOMAS<br/><br/>EL CUBO<br/><br/>BAILAR POR SIEMPRE<br/><br/>VACUO<br/><br/>PENTADRAMA<br/><br/>EN JULIANA<br/><br/>WOYSECK<br/><br/>CÁBALA<br/><br/>ECHANDO A CONTAR SE APRENDE<br/><br/>EL OTRO CUERPO<br/><br/>ANGUSTINE<br/><br/>KRISE<br/><br/>EL CONTRABAJO<br/><br/>QUE ROJA ESTÁ LA LUNA<br/><br/>1969 HISTORIA DE UNA CASA<br/><br/>MATERIAL SENSIBLE<br/><br/>GALILEO GALILEI<br/><br/>UNOS LIBROS, UN MAPA Y UN ABANICO<br/><br/>MACHOS A LA CARTA<br/><br/>CUENTO DE NAVIDAD |
| Título | PRIMERA FILA |
| 650 ## - PUNTO DE ACCESO ADICIONAL DE MATERIA--TÉRMINO DE MATERIA | |
| Fuente del encabezamiento o término | Tesauro de Arte & Arquitectura |
| Término de materia o nombre geográfico como elemento de entrada | ARTE |
| 650 ## - PUNTO DE ACCESO ADICIONAL DE MATERIA--TÉRMINO DE MATERIA | |
| Fuente del encabezamiento o término | Tesauro de Arte & Arquitectura |
| Término de materia o nombre geográfico como elemento de entrada | ARTES ESCENICAS |
| 9 (RLIN) | 702 |
| 650 ## - PUNTO DE ACCESO ADICIONAL DE MATERIA--TÉRMINO DE MATERIA | |
| Fuente del encabezamiento o término | Tesauro de Arte & Arquitectura |
| Término de materia o nombre geográfico como elemento de entrada | CIRCO |
| 651 ## - PUNTO DE ACCESO ADICIONAL DE MATERIA--NOMBRE GEOGRÁFICO | |
| Fuente del encabezamiento o término | Tesauro de Arte & Arquitectura |
| Nombre geográfico | TEATRO |
| 942 ## - ELEMENTOS DE ENTRADA SECUNDARIOS (KOHA) | |
| Fuente del sistema de clasificación o colocación | Clasificación Decimal Dewey |
| Tipo de ítem Koha | Libros |
| Parte de la signatura que corresponde a la clasificación (Parte de la clasificación) | 792 |
| Parte de la signatura que identifica el ejemplar (Parte del ítem) | S349p |
| Suprimir en OPAC | No |
| Estatus retirado | Estado de pérdida | Fuente del sistema de clasificación o colocación | Especificación de materiales (volumen encuadernado u otra parte) | Estado de daño | No para préstamo | Colección | Biblioteca de origen | Biblioteca actual | Fecha de adquisición | Enumeración/cronología de publicación seriada | Número de inventario | Total de préstamos | Signatura topográfica completa | Código de barras | Visto por última vez | Precio de reemplazo | Tipo de ítem Koha |
|---|---|---|---|---|---|---|---|---|---|---|---|---|---|---|---|---|---|
| Clasificación Decimal Dewey | 1 | Revistas | Biblioteca LadoV | Biblioteca LadoV | 23/08/2023 | 2 | 005169 | 792 S349p | 005169 | 23/08/2023 | 23/08/2023 | Libros |
